| 000 | 00449nam a2200157 a 4500 | ||
|---|---|---|---|
| 005 | 20140412111358.0 | ||
| 008 | 060126s19uu xx 00 eng d | ||
| 020 | _a0-439-62859-8 | ||
| 050 |
_aM 550 _bS53 1984 |
||
| 100 | _aSimon, Seymour | ||
| 245 |
_aEarth: our planet in space / _cby Seymour Simon. |
||
| 260 |
_aNew York : _bScholastic Inc., _c1984. |
||
| 300 | _a1 v. (unp.) ; ill. | ||
| 650 |
_aEarth _xJuvenile literature |
||
| 999 |
_c105424 _d105424 |
||